1968 US Presidential Election Map Click Quiz - Statistics

General Stats
  • This quiz has been taken 20 times
  • The average score is 34 of 50
Answer Stats
Hint Answer % Correct
Alaska Richard Nixon
94%
Arizona Richard Nixon
94%
Indiana Richard Nixon
88%
Iowa Richard Nixon
88%
North Dakota Richard Nixon
88%
Ohio Richard Nixon
88%
South Dakota Richard Nixon
88%
Utah Richard Nixon
88%
Virginia Richard Nixon
88%
Wyoming Richard Nixon
88%
Colorado Richard Nixon
82%
Idaho Richard Nixon
82%
Kansas Richard Nixon
82%
Missouri Richard Nixon
82%
Montana Richard Nixon
82%
Nebraska Richard Nixon
82%
Oklahoma Richard Nixon
82%
Florida Richard Nixon
76%
Illinois Richard Nixon
76%
Nevada Richard Nixon
76%
New Mexico Richard Nixon
76%
North Carolina Richard Nixon
76%
Oregon Richard Nixon
76%
Alabama George Wallace
71%
California Richard Nixon
71%
New Hampshire Richard Nixon
71%
New Jersey Richard Nixon
71%
Tennessee Richard Nixon
71%
Vermont Richard Nixon
71%
Kentucky Richard Nixon
65%
South Carolina Richard Nixon
65%
Arkansas George Wallace
59%
Maryland Hubert Humphrey
59%
Massachusetts Hubert Humphrey
59%
New York Hubert Humphrey
59%
Rhode Island Hubert Humphrey
59%
Delaware Richard Nixon
59%
Wisconsin Richard Nixon
59%
Georgia George Wallace
53%
Louisiana George Wallace
53%
Mississippi George Wallace
53%
Minnesota Hubert Humphrey
53%
Hawaii Hubert Humphrey
47%
Conneticut Hubert Humphrey
41%
Maine Hubert Humphrey
41%
Michigan Hubert Humphrey
41%
Pennsylvania Hubert Humphrey
41%
Texas Hubert Humphrey
41%
West Virginia Hubert Humphrey
41%
Washington Hubert Humphrey
24%
No matching quizzes found
Score Distribution
Percent of People with Each Score
Percentile by Number Answered
Your Score History
You have not taken this quiz